History of medieval India / (Record no. 18813)

MARC details
000 -LEADER
fixed length control field 00905nam a22002417a 4500
008 - FIXED-LENGTH DATA ELEMENTS--GENERAL INFORMATION
fixed length control field 081120t xxu||||| |||| 00| 0 eng d
010 ## - LCCN (DPL NO)
LC control number ENG-91687
020 ## - INTERNATIONAL STANDARD BOOK NUMBER
International Standard Book Number 9788184550672
Terms of availability 725.00
035 ## - SYSTEM CONTROL NUMBER
System control number EN-75220
037 ## - SOURCE OF ACQUISITION
Source of stock number/acquisition DBAD / PUB
040 ## - CATALOGING SOURCE
Original cataloging agency dpl
Language of cataloging English
082 ## - DEWEY DECIMAL CLASSIFICATION NUMBER
Classification number 954.02
245 ## - TITLE STATEMENT
Title History of medieval India /
Statement of responsibility, etc edited by Braham Singh [and] H.C. Sharma
260 ## - PUBLICATION, DISTRIBUTION, ETC. (IMPRINT)
Place of publication, distribution, etc New Delhi
Name of publisher, distributor, etc Omega Publications
Date of publication, distribution, etc 2008
270 ## - ADDRESS
Address 4398/5, Ansari Road, Daryaganj,
City New Delhi
Postal code 110002
300 ## - PHYSICAL DESCRIPTION
Extent v, 308p.
Dimensions 22cm (Hb)
500 ## - GENERAL NOTE
General note Includes index
651 ## - SUBJECT ADDED ENTRY--GEOGRAPHIC NAME
Geographic name India
General subdivision History
Chronological subdivision 1206 A.D. to 1707 A.D.
700 ## - ADDED ENTRY--PERSONAL NAME
Personal name Braham Singh
700 ## - ADDED ENTRY--PERSONAL NAME
Personal name Sharma, H.C.
942 ## - ADDED ENTRY ELEMENTS (KOHA)
Source of classification or shelving scheme Dewey Decimal Classification
Item type English Books
Call number suffix HIS
Classification part 954.02
Holdings
Withdrawn status Lost status Source of classification or shelving scheme Damaged status Not for loan Collection code Home library Current library Date acquired Source of acquisition Cost, normal purchase price Total Checkouts Full call number Barcode Date last seen Copy number Cost, replacement price Koha item type
    Dewey Decimal Classification   Not For Loan Non-fiction D.B.Act.Division D.B.Act.Division 20/11/2008 DBAD / PUB 725.00   954.02 HIS EN-75220 20/11/2008 1 725.00 English Books

© Delhi Public Library
Hit Counter
free hit counter